Data processing

Defines data processing and describes the functions of computer input and output, processing, storage, and programming

محفوظ في:
التفاصيل البيبلوغرافية
المؤلف الرئيسي: Berger, Melvin
التنسيق: كتاب
اللغة:Undetermined
منشور في: New York F. Watts 1983
الموضوعات:
الوسوم: إضافة وسم
لا توجد وسوم, كن أول من يضع وسما على هذه التسجيلة!
Thư viện lưu trữ: Trung tâm Học liệu Trường Đại học Cần Thơ
LEADER 00610nam a2200193Ia 4500
001 CTU_186519
008 210402s9999 xx 000 0 und d
082 |a 001.64 
082 |b B496 
100 |a Berger, Melvin 
245 0 |a Data processing 
245 0 |c Melvin Berger 
260 |a New York 
260 |b F. Watts 
260 |c 1983 
520 |a Defines data processing and describes the functions of computer input and output, processing, storage, and programming 
650 |a Data processing,Xử lý dữ liệu 
910 |a Hải 
980 |a Trung tâm Học liệu Trường Đại học Cần Thơ